Two strange prophesies predicting wonderfull events to betide this yeere of danger in this clymate whereof some have already come to passe : vvell worthy of note : the one being found in the reigne of King Edward the fourth : the other in the reigne of King Henry the eighth : named Mother Shipton.

Bibliographic Details
Other Authors: Shipton, Mother (Ursula), approximately 1488-1561
Format: Microform Book
Language:English
Series:Early English books, 1641-1700 ; 251:E.141, no. 2.
Subjects:

MARC

Tag First Indicator Second Indicator Subfields
LEADER 00000cam a2200000 a 4500
001 in00000965713
005 20180926133242.0
007 hd afv|||baca
008 850925s1642 miu a 00000 eng d
035 |a (OCoLC)12599044 
035 |9 AEU2380AM 
037 |a CL0037000007  |b UMI 
037 |b University Microfilms International, 300 N. Zeeb Rd., Ann Arbor, MI 48106 
040 |a EAA  |c EAA  |d m/c  |d UtOrBLW 
049 |a TXAI 
099 |a film   |a  B   |a  3609 
245 0 0 |a Two strange prophesies predicting wonderfull events to betide this yeere of danger in this clymate whereof some have already come to passe :  |b vvell worthy of note : the one being found in the reigne of King Edward the fourth : the other in the reigne of King Henry the eighth : named Mother Shipton. 
264 3 |a London :  |b Printed for G. Smith,  |c 1642. 
300 |a 8 unnumbered pages 
336 |a text  |b txt  |2 rdacontent 
337 |a microform  |b h  |2 rdamedia 
338 |a microfilm reel  |b hd  |2 rdacarrier 
500 |a Illustrated title page. 
500 |a Reproduction of original in Thomason Collection, British Library. 
510 4 |a Wing  |c T3537 
533 |a Microfilm.  |b Ann Arbor, Mich. :  |c University Microfilms,  |d 1967.  |e 1 microfilm reel : 35 mm.  |f (Early English books, 1641-1700 ; 251:E.141, no. 2) 
500 |a Microform. 
650 0 |a Prophecies. 
651 0 |a Great Britain  |x History  |x Prophecies. 
700 1 |a Shipton,  |c Mother  |q (Ursula),  |d approximately 1488-1561. 
740 0 |a 2 strange prophesies predicting wonderfull events. 
830 0 |a Early English books, 1641-1700 ;  |v 251:E.141, no. 2. 
999 |a MARS 
999 f f |s 557528dc-9527-3aa9-b559-9e868e183f92  |i 6acc3b2f-1ec4-3ae6-abf0-da869e7ca8f6  |t 0 
952 f f |p default  |a Texas A&M University  |b College Station  |c Sterling C. Evans Library  |d Evans: Microforms (3rd floor)  |t 0  |e film B 3609 251:E.141 no.2  |h Other scheme  |i microform -- microfilm reel 
998 f f |a film B 3609 251:E.141 no.2  |t 0  |l Evans: Microforms (3rd floor)